| 000 | 00421nam a22001577a 4500 | ||
|---|---|---|---|
| 005 | 20250328102336.0 | ||
| 008 | 250328b |||||||| |||| 00| 0 eng d | ||
| 020 |
_a9780448089539 _qhbk |
||
| 082 |
_a823.912 _bDIX |
||
| 100 | _aDixon, Franklin W. | ||
| 245 |
_aThe Clue of the hissing serpent _cFranklin W. Dixon |
||
| 260 |
_aNew York _bNew York _c2003 |
||
| 300 | _a181 | ||
| 490 | _aThe Hardy Boys | ||
| 942 | _cENGLISH | ||
| 999 |
_c570706 _d570706 |
||